000 00445nam a22001697a 4500
005 20250517132620.0
008 241025b |||||||| |||| 00| 0 eng d
020 _a9780582473393
050 _aKD3009
100 _aSargeant, Malcolm
245 _aEmployment Law
250 _aSecond Edition
260 _aLondon
_bPearson Educational Limited
_c2003
300 _alxv, 499 pages.
_bIndex
_c23.5 cm
650 _2Law
_aLabour
942 _2lcc
_cBK
_n0
999 _c211
_d211